00816cam a22002177a 4500020001500000040000800015082002600023100002000049245002500069250002100094260006500115300002100180490001300201500006100214700002000275856006600295856006600361942000700427999001700434952014700451 a0804815666 cDLC a299 C.E 1988 A009 Or.1 aMelyan, Gary G.14aThe pocket I-Ching / a1st Yenbooks ed. aTokyo, Japan ;a[Rutland, Vt.] :bC.E. Tuttle,c1988, c1977. a182 p. ;c18 cm.0 aYenbooks aOriginally published: Rutland, Vt. : C.E. Tuttle, c1977.1 aChu, Wen-kuang,42uhttp://www.loc.gov/catdir/enhancements/fy0828/88050327-b.html42uhttp://www.loc.gov/catdir/enhancements/fy0828/88050327-d.html cEK c13163d13163 0010406299_000000000000000_C_E_1988_A009_OR70963399aLBAbLBAcA009d2017-08-20o299 C.E 1988 A009 Or.pA16070r2017-08-20w2017-08-20yEK